| 000 | 01362 a2200217 4500 | ||
|---|---|---|---|
| 003 | Nust | ||
| 005 | 20221215111126.0 | ||
| 010 | _a 2003107814 | ||
| 020 | _a0534391230 | ||
| 035 | _a(DLC) 2003107814 | ||
| 040 | _cNust | ||
| 082 | _a621.3822,SIN | ||
| 100 | 1 |
_aAvtar Singh, _995144 |
|
| 245 | 1 | 0 |
_aDigital signal processing implementations : _busing DSP microprocessors with examples from TMS320C54xx / _cAvtar Singh, S. Srinivasan. |
| 260 |
_aBelmont, CA : _bThomson/Brooks/Cole, _cc2004. |
||
| 300 |
_axiii, 346 p. : _bill. ; _c25 cm. |
||
| 505 | _aIntroduction (Page-1), Introduction to Digital Signal Processing (Page-6), Computational Accuracy in DSP Implementations (Page-42), Architectures for Programmable Digital Signal Processing Devices (Page-61), Programmable Digital Signal Processors (Page-107), Development Tools for Digital Signal Processing Implementations (Page-154), Implementations of Basic DSP Algorithms (Page-176), Implementation of FFT Algorithms (Page-215), Interfacing Memory and Parallel I/O Peripherals to Programmable DSP Devices (Page-236), Interfacing Serial Converters to a Programmable DSP Device (Page-262), Applications of Programmable DSP Devices Interfacing Serial Converters to a Programmable DSP Device (page-297) | ||
| 650 | 0 | _aTelecommunication engineering | |
| 700 | 1 |
_aSrinivasan, S. _944423 |
|
| 942 |
_2ddc _cBK |
||
| 999 |
_c188251 _d188251 |
||